| 000 | 00735nam a2200229 a 4500 | ||
|---|---|---|---|
| 005 | 20240517063652.0 | ||
| 008 | 140519s2002 mx r 000 0 spa d | ||
| 020 | _a8484700607 | ||
| 035 | _aUPN01000197267 | ||
| 049 | _aI | ||
| 050 | 4 |
_aPZ28 _bA4.3 |
|
| 100 | 1 |
_aAllancé, Mireille d', _d1958- _933452 |
|
| 245 | 1 | 0 |
_aCuando tenía miedo de la oscuridad / _cMireille d'Allancé ; tr. Julia Vinent. |
| 260 |
_aBarcelona, Esp. : _bCorimbo, _c2002. |
||
| 300 |
_a[24] p. : _bprincipalmente il. col. |
||
| 534 |
_pTítulo original: _tQuand j´avais peur du noir |
||
| 650 | 4 |
_aLiteratura infantil francesa _913687 |
|
| 650 | 4 |
_aMiedo _vLiteratura infantil _912306 |
|
| 905 | _aInfantil | ||
| 999 |
_c169368 _d169368 |
||